| 000 | 00977cam a2200193 4500 | ||
|---|---|---|---|
| 001 | WB3913-13 | ||
| 008 | 030403n2003 000 0 eng u | ||
| 035 | _a(Sirsi) u121883 | ||
| 245 | _aParliament backs online planning | ||
| 260 | _c2003 | ||
| 490 |
_aBuilding Design _v(1572) 28 March 2003, 1(1) |
||
| 520 | _aGovernment has passed the "Town and Country (Electronic Communications)(England) Order 2003"* which means that planners will be able to handle at least part of planning applications online. Copies should be available via the HMSO website, http:/www.hmso.gov.uk. All published Stationery Office items can be obtained through RICS Books on t +44 (0)20 7222 7000 . | ||
| 590 | _aWB | ||
| 650 | _aTOWN AND COUNTRY PLANNING (ELECTRONIC COMMUNICATIONS) (ENGLAND) ORDER 2003 | ||
| 650 | _aPLANNING PROCESS | ||
| 650 | _aMANAGEMENT-BUSINESS MANAGEMENT-INFORMATION MANAGEMENT | ||
| 690 | _aENVIRONMENTAL AND LAND CONSULTANCY-PLANNING AND DEVELOPMENT | ||
| 942 | _n0 | ||
| 999 |
_c72436 _d72436 |
||